|
|
|
|
| LEADER |
01434nam a2200385 a 4500 |
| 001 |
EBC672395 |
| 003 |
MiAaPQ |
| 005 |
20200520144314.0 |
| 006 |
m o d | |
| 007 |
cr cn||||||||| |
| 008 |
100730s2011 nyua sb 001 0 eng d |
| 010 |
|
|
|z 2010031946
|
| 020 |
|
|
|z 9780415551885 (hbk. : alk. paper)
|
| 020 |
|
|
|z 9780415806343 (pbk. : alk. paper)
|
| 020 |
|
|
|z 0203871464 (master e-book)
|
| 020 |
|
|
|a 9780203871461 (electronic bk.)
|
| 035 |
|
|
|a (MiAaPQ)EBC672395
|
| 035 |
|
|
|a (Au-PeEL)EBL672395
|
| 035 |
|
|
|a (CaPaEBR)ebr10462473
|
| 035 |
|
|
|a (CaONFJC)MIL310231
|
| 035 |
|
|
|a (OCoLC)769341470
|
| 040 |
|
|
|a MiAaPQ
|c MiAaPQ
|d MiAaPQ
|
| 050 |
|
4 |
|a HF5381
|b .P76 2011
|
| 082 |
0 |
4 |
|a 331.70201
|2 22
|
| 100 |
1 |
|
|a Pryor, Robert.
|
| 245 |
1 |
4 |
|a The chaos theory of careers
|h [electronic resource] :
|b a new perspective on working in the twenty-first century /
|c Robert Pryor and Jim Bright.
|
| 260 |
|
|
|a New York :
|b Routledge,
|c c2011.
|
| 300 |
|
|
|a ix, 244 p. :
|b ill.
|
| 504 |
|
|
|a Includes bibliographical references and index.
|
| 533 |
|
|
|a Electronic reproduction. Ann Arbor, MI : ProQuest, 2015. Available via World Wide Web. Access may be limited to ProQuest affiliated libraries.
|
| 650 |
|
0 |
|a Career development.
|
| 655 |
|
4 |
|a Electronic books.
|
| 700 |
1 |
|
|a Bright, Jim.
|
| 710 |
2 |
|
|a ProQuest (Firm)
|
| 856 |
4 |
0 |
|u https://ebookcentral.proquest.com/lib/matrademy/detail.action?docID=672395
|z Click to View
|